Initial public offer software (Record no. 2726)
[ view plain ]
| 000 -LEADER | |
|---|---|
| fixed length control field | 00424nam a2200145Ia 4500 |
| 008 - FIXED-LENGTH DATA ELEMENTS--GENERAL INFORMATION | |
| fixed length control field | 130320s9999 xx 000 0 und d |
| 100 ## - MAIN ENTRY--PERSONAL NAME | |
| Personal name | Amitava Kundu |
| 245 ## - TITLE STATEMENT | |
| Title | Initial public offer software |
| 502 ## - DISSERTATION NOTE | |
| Degree type | PGDIT |
| Name of granting institution | 2005-2006 |
| Year degree granted | INT |
| -- | Pradeep Kumar K |
| -- | Sarthak Banerjee (UTI TSL) |
| Miscellaneous information | UTI TSL, Mumbai |
| 650 ## - SUBJECT ADDED ENTRY--TOPICAL TERM | |
| Topical term or geographic name entry element | WEB APPLICATION |
| 650 ## - SUBJECT ADDED ENTRY--TOPICAL TERM | |
| Topical term or geographic name entry element | PUBLIC OFFER |
| 700 ## - ADDED ENTRY--PERSONAL NAME | |
| Personal name | Simi L |
| 700 ## - ADDED ENTRY--PERSONAL NAME | |
| Personal name | Suba Meenakshi |
| 700 ## - ADDED ENTRY--PERSONAL NAME | |
| Personal name | Vijit K |
| Withdrawn status | Lost status | Damaged status | Not for loan | Home library | Current library | Date acquired | Total Checkouts | Barcode | Date last seen | Price effective from | Koha item type |
|---|---|---|---|---|---|---|---|---|---|---|---|
| IIITM-K | Kerala University of Digital Sciences, Innovation and Technology Knowledge Centre | 20/03/2013 | R-138 | 20/03/2013 | 20/03/2013 | Project Reports |